Riconosci il Pokémon - Quiz n°429 - Statistics

Statistiche generali
  • Questo quiz è stato fatto 0 volte
  • Il punteggio medio è 0 su 10
Statistiche sulle risposte
Indizio Risposta % Corretto
Tasso di cattura 25 (7.7%)
0%
Altezza 2,5 m
0%
Peso 310,0 kg
0%
Sesso 50% ♂, 50% ♀
0%
Tipo Acciaio
0%
Tasso di allevamento Lento
0%
Abilità Mangiaterra; Sabbiavelo
0%
Generazione Nona
0%
Stadio evoluzione Non si evolve
0%
Pokémon Orthworm
0%
Nessun quiz corrispondente trovato
Distribuzione punteggi
Percentuale di utenti per punteggio
Percentile per numero di risposta
I tuoi punteggi nel tempo
Non hai fatto questo quiz